[Event "European Rapid Championship 2021"]
[Site "Katowice"]
[Date "2021.12.18"]
[Round "1.11"]
[White "Durarbayli, Vasif"]
[Black "Korcz, Daniel"]
[Result "1-0"]
[WhiteElo "2532"]
[BlackElo "1791"]
[Annotator "TA"]
[PlyCount "49"]
[EventDate "2021.12.18"]
[EventType "swiss"]
[EventCountry "POL"]
[SourceTitle "playchess.com"]
[Source "ChessBase"]
[SourceQuality "1"]

{[%evp 14,49,0,0,80,0,31,-79,-87,-116,0,-21,47,47,50,54,45,47,104,96,170,169,
380,372,327,110,223,199,432,439,29982,29983,29983,29984,29983,1010,944,908]} 1.
e4 e5 2. Nc3 Nc6 3. f4 exf4 4. d4 Qh4+ 5. Ke2 d6 6. Nf3 Bg4 7. Bxf4 Bxf3+ 8.
Kxf3 {[%cal Be2f3,Bf3e3,Be3d3,Bd3d2][%mdl 32]} O-O-O {C25: Vienna Game:
Alternatives to 2...Nf6.} (8... Nf6 9. g3 Qh5+ 10. Kg2 $16) (8... g5 $11 9. Be3
g4+ 10. Ke2 Bh6) 9. Bb5 (9. g3 $16 Qf6 10. d5 Ne5+ 11. Kg2) 9... Nge7 {[#]} (
9... Nf6 10. g3 Qh3 11. Bf1 $14 (11. Kf2 h6 $14)) (9... Ne5+ $5 10. dxe5 dxe5
$11) 10. Bg3 $146 (10. g3 $1 $14 {stays ahead.} Qf6 11. d5 Nd4+ 12. Kg2) ({
Predecessor:} 10. Rf1 f5 11. exf5 g5 12. Bg3 Qxd4 13. Qxd4 Nxd4+ 14. Ke4 Ndxf5
15. Rxf5 d5+ 16. Rxd5 Nxd5 17. Nxd5 {½-½ (44) Ekstroem,R (2430)-Miralles,G 
(2480) Switzerland 1996}) 10... Qf6+ $17 {Black is better.} 11. Ke3 Qg6 (11...
d5 $17 {Hoping for ...dxe4.} 12. Qg4+ Kb8) 12. Rf1 $11 f5 (12... h5 $11) 13.
Bxc6 $14 {Active counter play!} ({But not} 13. Rf4 d5 14. e5 Qh6 $15) 13...
bxc6 14. Qf3 {[%cal Re4f5]} fxe4 15. Qxe4 Qg5+ (15... Nd5+ $14 16. Kd3 (16.
Nxd5 $2 Re8 $19) 16... Nb4+ 17. Kd2 Be7) 16. Kd3 $16 d5 {[#]} (16... Rd7 $16 {
was necessary.}) 17. Qe6+ $1 $18 Kb8 $2 (17... Rd7 18. Rae1 Qg6+ 19. Kd2 Qxe6
20. Rxe6 Ng6) 18. Rf7 h5 19. Rg1 $2 (19. Re1 $18 {is more deadly.}) 19... Rh6 (
19... Rc8 $16) 20. Qe5 $40 {[%mdl 128] White has strong attack. Chess con
chili.} Qg6+ $2 {[#]} (20... Qxe5 21. Bxe5 Rc8) 21. Kd2 Qxf7 (21... Qd6 $18 22.
Qxd6 cxd6) 22. Qxc7+ Ka8 23. Qxd8+ Kb7 24. Qd7+ (24. Qb8+ $142 Ka6 25. b4 Nc8
26. b5+ Ka5 27. Bc7+ Kb4 28. bxc6+ Nb6 29. Rb1+ Kc4 30. Qxa7) 24... Ka8 25. Re1
{Weighted Error Value: White=0.27 (precise) /Black=1.17} 1-0

[Event "European Rapid Championship 2021"]
[Site "Katowice"]
[Date "2021.12.18"]
[Round "1.11"]
[White "Szpar, Milosz"]
[Black "Zajac, Karol"]
[Result "1-0"]
[WhiteElo "2315"]
[BlackElo "1606"]
[Annotator "NA RC"]
[PlyCount "65"]
[EventDate "2021.12.18"]
[EventType "swiss"]
[EventCountry "POL"]
[SourceTitle "playchess.com"]
[Source "ChessBase"]
[SourceQuality "1"]
[TimeControl "900+10"]

1. e4 {[%emt 0:00:02]} c5 {[%emt 0:00:06]} 2. Nf3 {[%emt 0:00:03]} Nc6 {
[%emt 0:00:03]} 3. Bb5 {[%emt 0:00:04]} Nf6 {[%emt 0:00:14]} 4. Nc3 {[%emt 0:
00:29]} d6 {[%emt 0:00:52]} 5. d4 {[%emt 0:01:04]} cxd4 {[%emt 0:00:13]} 6.
Qxd4 {[%emt 0:00:14]} Bd7 {[%emt 0:00:40]} 7. Bxc6 {[%emt 0:00:11]} Bxc6 {
[%emt 0:00:20]} 8. Bg5 {[%emt 0:00:06]} e6 {[%emt 0:01:40]} 9. O-O-O {[%emt 0:
00:26]} Be7 {[%emt 0:00:36]} 10. Qd3 {[%emt 0:00:39]} Qa5 {[%emt 0:02:35]} 11.
h4 {[%emt 0:00:23]} Rc8 {[%emt 0:01:35]} 12. Nd4 {[%emt 0:01:09]} a6 {[%emt 0:
00:50]} 13. f4 {[%emt 0:01:55]} h6 {[%emt 0:00:23]} 14. Bxf6 {[%emt 0:00:45]}
gxf6 {[%emt 0:00:10]} 15. f5 {[%emt 0:00:38]} e5 {[%emt 0:02:13]} 16. Nb3 {
[%emt 0:01:14]} Qc7 {[%emt 0:00:27]} 17. g4 {[%emt 0:00:19]} h5 {[%emt 0:01:08]
} 18. gxh5 {[%emt 0:00:39]} b5 {[%emt 0:00:18]} 19. a3 {[%emt 0:00:12]} Qb7 {
[%emt 0:00:31]} 20. Na5 {[%emt 0:00:26]} Qb6 {[%emt 0:00:08]} 21. Nxc6 {
[%emt 0:00:08]} Rxc6 {[%emt 0:00:02]} 22. Qg3 {[%emt 0:00:51]} Bf8 {[%emt 0:00:
58]} 23. Nd5 {[%emt 0:00:13]} Qc5 {[%emt 0:00:31]} 24. Nxf6+ {[%emt 0:00:25]}
Kd8 {[%emt 0:00:17]} 25. Qd3 {[%emt 0:01:16]} b4 {[%emt 0:00:33]} 26. a4 {
[%emt 0:00:31]} b3 {[%emt 0:00:46]} 27. Qxb3 {[%emt 0:00:22]} Rb6 {[%emt 0:00:
07]} 28. Qxf7 {[%emt 0:00:57]} Bh6+ {[%emt 0:00:25]} 29. Kb1 {[%emt 0:00:03]}
Rh7 {[%emt 0:00:39]} 30. Qg8+ {[%emt 0:00:14]} Kc7 {[%emt 0:00:24]} 31. Nd5+ {
[%emt 0:00:08]} Kc6 {[%emt 0:00:16]} 32. Qc8+ {[%emt 0:00:05]} Rc7 {[%emt 0:00:
07]} 33. Ne7# 1-0

[Event "European Rapid Championship 2021"]
[Site "Katowice"]
[Date "2021.12.18"]
[Round "1.12"]
[White "Kalkowski, Igor"]
[Black "Kozak, Antoni"]
[Result "0-1"]
[WhiteElo "1839"]
[BlackElo "2356"]
[Annotator "TA"]
[PlyCount "67"]
[EventDate "2021.12.18"]
[EventType "swiss"]
[EventCountry "POL"]
[SourceTitle "playchess.com"]
[Source "ChessBase"]
[SourceQuality "1"]

{[%evp 20,67,33,10,69,68,69,11,39,29,66,39,97,-78,-62,-116,-114,-140,-163,-149,
-159,-155,-145,-142,-119,-118,-108,-109,-123,-135,-122,-138,-103,-123,-82,-77,
-83,-75,12,0,0,-87,-58,-109,-30,-186,-127,-241,-243,-375]} 1. e4 c6 2. c4 d5 3.
exd5 cxd5 4. d4 Nf6 5. Nc3 g6 6. Qb3 Bg7 7. cxd5 O-O 8. Be2 Nbd7 {[%cal Bb8d7,
Bd7b6,Bb6c8][%mdl 32]} 9. Bf3 Nb6 10. Nge2 Bf5 11. a4 {[%cal Ba2a4,Ba4a5][%mdl
32]} Qd7 {B14: Caro-Kann: Panov-Botvinnik Attack with 5...e6 and 5...g6.} (
11... Bd3 $11) 12. a5 $14 Nc8 {[#]} 13. Na4 $146 (13. O-O $14) ({Predecessor:} 
13. O-O Nd6 14. Na4 Qc7 15. Qc3 Qd8 16. Qb4 Rc8 17. b3 Bd3 18. Re1 Nf5 19. Nf4
{1-0 (48) Vlassov,N (2471)-Purygin,A (2224) Samara 2014}) 13... Nd6 {The
position is equal.} 14. Nc5 Qc8 15. O-O $1 h6 (15... Bg4 $14) 16. Bf4 $2 {[#]}
(16. Nc3 $16 {keeps the pressure on.}) 16... g5 $1 $17 17. Bxd6 ({Better is} 
17. Rfc1 $15 gxf4 18. Ne6 Bxe6 19. Rxc8 Bxc8 20. Nxf4) 17... exd6 18. Nxb7 Rb8
19. a6 {aiming for h3.} g4 {To avoid h3} 20. Ng3 {Rfc1 is the strong threat.}
gxf3 21. Qxf3 Bg6 22. Rac1 {Prevents Qc4.} Qg4 23. Qxg4 Nxg4 24. Nxd6 Rxb2 ({
Inferior is} 24... Bxd4 25. Ndf5 Bb6 26. h3 $15) 25. Ndf5 h5 26. d6 h4 ({
Black should play} 26... Nh6 27. Ne7+ Kh7 28. Nxg6 fxg6) 27. Ne7+ {[#]} Kh7 $1
28. Ngf5 Rb5 (28... Bxf5 $17 29. Nxf5 Ra2) 29. Rc5 Rb6 30. Rfc1 (30. Nxg6 $11 {
remains equal.} fxg6 31. Nxg7 Kxg7 32. Rc7+ Rf7 33. d7) 30... Rxa6 31. d7 (31.
h3 $1 $15 Nf6 32. R5c4) 31... Rd8 (31... Bxf5 $17 32. Rxf5 Rd8 33. Rh5+ Rh6 34.
Rxh6+ Bxh6) 32. Rc7 (32. Nxg7 $11 Kxg7 33. Nc6 Rxc6 34. Rxc6) 32... Nf6 (32...
Bxf5 $19 33. Nxf5 Nf6 34. Nxh4 Nd5) 33. Nxg7 (33. Nxh4 $17 Rxd7 34. Rxd7 Nxd7
35. Nexg6 fxg6 36. Nf3) 33... Kxg7 $19 34. Nc6 {Weighted Error Value: White=0.
51/Black=0.30} (34. Nxg6 $142 Kxg6 35. Kf1) 0-1

[Event "European Rapid Championship 2021"]
[Site "Katowice"]
[Date "2021.12.18"]
[Round "1.12"]
[White "Dobosiewicz, Dawid"]
[Black "Klekowski, Maciej"]
[Result "0-1"]
[WhiteElo "1678"]
[BlackElo "2528"]
[Annotator "TA"]
[PlyCount "64"]
[EventDate "2021.12.18"]
[EventType "swiss"]
[EventCountry "POL"]
[SourceTitle "playchess.com"]
[Source "ChessBase"]
[SourceQuality "1"]

{[%evp 12,64,0,-23,-21,-10,61,69,69,71,77,69,81,35,42,24,40,-52,-50,-66,-37,
-87,-73,-152,-108,-210,-217,-284,-284,-268,-266,-252,-249,-231,-235,-379,-377,
-378,-390,-373,-379,-376,-353,-743,-726,-733,-715,-1047,-1053,-1210,-1211,
-1614,-1449,-1437,-1295]} 1. e4 c5 2. Nc3 Nc6 3. f4 g6 4. Nf3 Bg7 5. Bb5 Nd4 6.
O-O e6 7. e5 a6 $1 {B23: Closed Sicilian: Lines without g3.} 8. Bd3 d5 {
Prevents Ne4.} (8... f5 $11) 9. Nxd4 $14 cxd4 {White is slightly better.} 10.
Ne2 Ne7 11. b3 Nc6 12. Bb2 (12. Qe1 $16) 12... f6 13. exf6 {[#]} Qxf6 $146 ({
Predecessor:} 13... Bxf6 14. Qe1 O-O 15. Qf2 e5 16. fxe5 Bg7 17. Qe1 Rxf1+ 18.
Qxf1 Bxe5 19. Qf2 Qg5 20. Nxd4 Nxd4 21. Bxd4 {1-0 (30) Lau,J-Kane,R (1830)
England 2012}) 14. f5 ({White should play} 14. Ba3 $1 $14) 14... gxf5 $15 15.
Nf4 O-O 16. Rf3 ({Better is} 16. Nh5 $15 Qg5 17. Nxg7 Kxg7 18. Qf3) 16... Bh6 {
Black keeps a firm grip on the game.} 17. Nh5 ({White should try} 17. c4) 17...
Qf7 (17... Qe7 $142 18. Qc1 Rf7) 18. Rg3+ (18. Ba3 $17 {was necessary.}) 18...
Kh8 $19 {[#] Hoping for ...f4.} 19. Qe2 {[%cal Ob2d4] Threatens to win with
Bxd4+!} e5 {White must now prevent ...f4.} 20. Rf1 Bd7 21. c4 f4 {[%cal Bf5f4,
Bf4g3,Bg3h2][%mdl 32]} 22. cxd5 Qxd5 23. Ba3 (23. Be4 $142 Qd6 24. Rg4) 23...
fxg3 24. Bxf8 Rxf8 {Really sharp!} 25. Rxf8+ Bxf8 26. Nf6 {Prevents e4.} Qf7
27. Qe4 $2 {[#]} (27. Nxd7 gxh2+ 28. Kh1 Qxd7 29. Qh5) 27... gxh2+ {Black is
clearly winning.} 28. Kh1 Be6 29. Nxh7 Be7 30. Qe1 Qf4 31. Be4 Bf5 32. Bxf5
Qxf5 {Weighted Error Value: White=0.76/Black=0.11 (very precise)} 0-1

[Event "European Rapid Championship 2021"]
[Site "Katowice"]
[Date "2021.12.18"]
[Round "1.13"]
[White "Tazbir, Marcin"]
[Black "Biegalski, Arkadiusz"]
[Result "1-0"]
[WhiteElo "2514"]
[BlackElo "1722"]
[Annotator "TA"]
[PlyCount "87"]
[EventDate "2021.12.18"]
[EventType "swiss"]
[EventCountry "POL"]
[SourceTitle "playchess.com"]
[Source "ChessBase"]
[SourceQuality "1"]

{[%evp 9,87,0,0,-21,-14,-3,2,7,0,0,8,10,0,-22,0,-42,0,6,41,44,59,-29,-26,-52,
-41,-36,-44,-32,-34,-35,1,0,113,103,91,92,107,99,156,139,148,108,188,188,188,
188,188,188,173,184,174,171,235,214,224,220,212,206,275,283,389,406,403,388,
381,376,381,373,373,355,29976,29975,29975,29976,29975,29977,29976,29977,29978,
29979]} 1. e4 c5 2. Nf3 Nc6 3. b3 e6 4. Bb2 d5 5. exd5 exd5 6. Be2 {B40:
Sicilian: 2...e6, Unusual lines.} Nf6 7. O-O Be6 8. d4 {The position is equal.}
cxd4 9. Nxd4 Bc5 10. Nxe6 fxe6 {[#]} 11. Bg4 $146 {This bishop pair is nice.} (
{Predecessor:} 11. Bh5+ g6 12. Qe2 Qe7 13. Bg4 e5 14. Nd2 O-O {½-½ (14)
Kuliev,S (2151)-Filin,S Volgograd 2010}) 11... e5 12. c4 (12. Nd2 $11) 12... d4
(12... dxc4 $1 $15 {should be considered.} 13. Qe2 Qd3) 13. Nd2 O-O 14. Bf3 $1
Re8 {[#] And now ...e4 would win.} 15. Re1 {Prevents e4.} (15. Ne4 $14) 15...
Bb4 $11 16. Bxc6 bxc6 17. a3 $1 Bxd2 18. Qxd2 c5 19. b4 Qd6 (19... Qc7 {
seems wilder.} 20. bxc5 Qxc5 21. f4 d3+ 22. Qf2 Qxf2+ 23. Kxf2 d2) 20. f4 cxb4
(20... Rad8 $11 {keeps the balance.} 21. fxe5 Rxe5) 21. fxe5 {Black is now
going downhill.} Rxe5 22. Rxe5 (22. axb4 Ng4 23. Rxe5 (23. Qxd4 Rxe1+ 24. Rxe1
Qxh2+ 25. Kf1 Nf6 $11) 23... Qxe5 $11) 22... Qxe5 23. Bxd4 ({But not} 23. axb4
$6 Ng4 24. g3 (24. Qxd4 $2 Qxh2+ 25. Kf1 Rf8+ 26. Ke1 Qh1+ 27. Kd2 Qxg2+ 28.
Kc3 Rf3+ 29. Qd3 Rxd3+ $19) 24... Rd8 $11) 23... Qe6 (23... Qd6 $142) 24. Qxb4
$16 ({Resist} 24. axb4 Qxc4 25. Bxa7 Ne4 $16) 24... a5 25. Qb6 {White is more
active.} Qxc4 (25... Qxb6 $16 26. Bxb6 Kf7) 26. Bxf6 $18 gxf6 27. Qxf6 $16 {
[%mdl 4096] Endgame KQR-KQR} Qc5+ 28. Kh1 Rf8 29. Qe6+ Kg7 30. h3 Qc3 (30...
Qb5 $142) 31. Rd1 Qf6 32. Qd5 Qf5 33. Qd4+ Qf6 34. Qa7+ Rf7 35. Qxa5 h6 36. Qc5
Qa6 37. Qd4+ Kg8 38. Qg4+ Kh7 39. Qe4+ ({Much less strong is} 39. Rd8 Qf1+ 40.
Kh2 Qf4+ 41. Qxf4 Rxf4 $18) 39... Kg8 $2 (39... Qg6 $18 40. Qd5 Qf5) 40. Rd8+ {
White mates.} Kg7 41. Qg4+ Kf6 42. Qf4+ Kg7 43. Qg3+ Qg6 {[#]} 44. Rg8+ $1 {
[%mdl 512] Weighted Error Value: White=0.11 (very precise) /Black=0.36} 1-0

[Event "European Rapid Championship 2021"]
[Site "Katowice"]
[Date "2021.12.18"]
[Round "1.13"]
[White "Kyc, Jerzy"]
[Black "Zarzecki, Dymitr"]
[Result "1-0"]
[WhiteElo "2308"]
[BlackElo "1579"]
[Annotator "NA RC"]
[PlyCount "101"]
[EventDate "2021.12.18"]
[EventType "swiss"]
[EventCountry "POL"]
[SourceTitle "playchess.com"]
[Source "ChessBase"]
[SourceQuality "1"]
[TimeControl "900+10"]

1. e4 {[%emt 0:00:01]} c5 {[%emt 0:00:26]} 2. Nf3 {[%emt 0:00:02]} e6 {[%emt 0:
00:01]} 3. d4 {[%emt 0:00:01]} cxd4 {[%emt 0:00:02]} 4. Nxd4 {[%emt 0:00:02]}
Nc6 {[%emt 0:00:01]} 5. Nb5 {[%emt 0:00:01]} a6 {[%emt 0:04:34]} 6. Nd6+ {
[%emt 0:00:03]} Bxd6 {[%emt 0:00:02]} 7. Qxd6 {[%emt 0:00:01]} Qe7 {[%emt 0:00:
07]} 8. Qc7 {[%emt 0:00:27]} d5 {[%emt 0:02:25]} 9. Qxe7+ {[%emt 0:00:04]}
Ngxe7 {[%emt 0:00:02]} 10. Nc3 {[%emt 0:00:14]} Nb4 {[%emt 0:05:08]} 11. Bd3 {
[%emt 0:00:05]} Nxd3+ {[%emt 0:01:34]} 12. cxd3 {[%emt 0:00:01]} d4 {[%emt 0:
00:46]} 13. Na4 {[%emt 0:00:19]} Bd7 {[%emt 0:01:18]} 14. Nb6 {[%emt 0:00:09]}
Rd8 {[%emt 0:00:02]} 15. Bf4 {[%emt 0:00:07]} Nc8 {[%emt 0:00:29]} 16. Nc4 {
[%emt 0:00:15]} b5 {[%emt 0:00:23]} 17. Na5 {[%emt 0:00:09]} O-O {[%emt 0:00:
25]} 18. Bc7 {[%emt 0:00:28]} Rde8 {[%emt 0:00:06]} 19. Be5 {[%emt 0:00:17]} f5
{[%emt 0:00:13]} 20. Bxd4 {[%emt 0:00:07]} fxe4 {[%emt 0:00:01]} 21. dxe4 {
[%emt 0:00:02]} e5 {[%emt 0:00:19]} 22. Bc5 {[%emt 0:00:05]} Rf4 {[%emt 0:00:
10]} 23. f3 {[%emt 0:00:03]} Ne7 {[%emt 0:00:09]} 24. Bxe7 {[%emt 0:00:10]}
Rxe7 {[%emt 0:00:01]} 25. Rc1 {[%emt 0:00:10]} Be6 {[%emt 0:00:21]} 26. Ke2 {
[%emt 0:00:09]} g5 {[%emt 0:00:09]} 27. Rc5 {[%emt 0:00:19]} Bd7 {[%emt 0:00:
12]} 28. Rd1 {[%emt 0:00:16]} b4 {[%emt 0:00:04]} 29. Rdd5 {[%emt 0:00:13]}
Bb5+ {[%emt 0:00:02]} 30. Ke3 {[%emt 0:00:03]} Bf1 {[%emt 0:00:24]} 31. Rxe5 {
[%emt 0:00:07]} Rxe5 {[%emt 0:00:12]} 32. Rxe5 {[%emt 0:00:04]} h6 {[%emt 0:00:
03]} 33. g3 {[%emt 0:00:08]} Rf6 {[%emt 0:00:14]} 34. Nb7 {[%emt 0:00:23]} Rc6
{[%emt 0:00:12]} 35. Nc5 {[%emt 0:00:12]} a5 {[%emt 0:00:08]} 36. f4 {[%emt 0:
00:10]} gxf4+ {[%emt 0:00:05]} 37. gxf4 {[%emt 0:00:02]} Bc4 {[%emt 0:00:12]}
38. a3 {[%emt 0:00:04]} Bf7 {[%emt 0:00:13]} 39. f5 {[%emt 0:00:17]} bxa3 {
[%emt 0:00:10]} 40. bxa3 {[%emt 0:00:01]} h5 {[%emt 0:00:05]} 41. Kf4 {[%emt 0:
00:09]} Rb6 {[%emt 0:00:13]} 42. Nd7 {[%emt 0:00:06]} Rb2 {[%emt 0:00:14]} 43.
Rxa5 {[%emt 0:00:07]} Rxh2 {[%emt 0:00:06]} 44. Ne5 {[%emt 0:00:02]} Bb3 {
[%emt 0:00:15]} 45. f6 {[%emt 0:00:08]} Rf2+ {[%emt 0:00:02]} 46. Kg5 {[%emt 0:
00:03]} h4 {[%emt 0:00:10]} 47. Ra8+ {[%emt 0:00:02]} Kh7 {[%emt 0:00:09]} 48.
Ra7+ {[%emt 0:00:00]} Kg8 {[%emt 0:00:11]} 49. Ng6 {[%emt 0:00:10]} Rg2+ {
[%emt 0:00:19]} 50. Kh6 {[%emt 0:00:03]} h3 {[%emt 0:00:08]} 51. Rg7# {[%emt 0:
00:03]} 1-0

[Event "European Rapid Championship 2021"]
[Site "Katowice"]
[Date "2021.12.18"]
[Round "1.14"]
[White "Adamczyk, Zuzanna"]
[Black "Stefansson, Hannes"]
[Result "0-1"]
[WhiteElo "2035"]
[BlackElo "2519"]
[Annotator "TA"]
[PlyCount "96"]
[EventDate "2021.12.18"]
[EventType "swiss"]
[EventCountry "POL"]
[SourceTitle "playchess.com"]
[Source "ChessBase"]
[SourceQuality "1"]

{[%evp 18,96,27,8,6,0,7,-22,-15,-24,-22,-16,-16,-17,-20,-24,-43,-36,8,12,6,-99,
-90,-228,-225,-241,-251,-233,-233,-270,-224,-235,-228,-235,-214,-215,-211,-213,
-213,-212,-195,-205,-202,-313,-312,-290,-295,-351,-345,-349,-135,-337,-324,
-524,-540,-494,-306,-537,-476,-492,-485,-540,-540,-533,-525,-525,-522,-1205,
-1152,-29979,-1047,-2555,-1970,-1599,-1566,-29938,-12117,-29949,-5226,-2354,
-1198]} 1. d4 Nf6 2. c4 e6 3. g3 c5 4. d5 exd5 5. cxd5 d6 6. Nc3 g6 7. Bg2 Bg7
8. Nf3 O-O 9. O-O Re8 10. Bf4 Bf5 {A62: Modern Benoni: Fianchetto Variation
without early ...Nbd7.} 11. Re1 Ne4 12. Nxe4 Bxe4 {The position is equal.} 13.
Qb3 {[#]} Qb6 $146 ({Predecessor:} 13... Na6 14. Nd2 Bxg2 15. Kxg2 g5 16. Be3
Rb8 17. Nf3 h6 18. h4 g4 19. Nh2 Re4 {0-1 (40) Ju,W (2560)-Fedoseev,V (2687)
Europe Echecs INT 2021}) 14. Nd2 Qxb3 15. axb3 Bxg2 16. Kxg2 Bxb2 17. Ra2 Be5 (
17... Bc3 $15) 18. Nc4 {aiming for Bxe5.} Na6 {[%cal Bb8a6,Ba6b4,Bb4d3][%mdl
32]} 19. e4 ({But not} 19. Nxd6 Bxd6 20. Bxd6 Red8 $15) (19. Bxe5 $11 dxe5 20.
Rea1) 19... Nb4 20. Rae2 (20. Bxe5 $17 Nxa2 21. Bf6) 20... Nd3 $19 {[%csl LRe1,
LRf4]} 21. Rd1 Nxf4+ 22. gxf4 Bxf4 23. Ra1 Be5 24. Nxe5 Rxe5 {[%mdl 4096]
Endgame KRR-KRR} ({Weaker is} 24... dxe5 25. Rd2 $17) 25. f4 Ree8 26. e5 a6 27.
Kf3 Rad8 28. Rd1 Re7 29. Rdd2 a5 30. exd6 (30. Rd3 $142) 30... Rxe2 31. Rxe2
Rxd6 {KR-KR} 32. Re8+ Kg7 33. Ke4 {Ke5 is the strong threat.} Ra6 $2 (33... Kf6
$19 {is more deadly. And now ...Rb6 would win.} 34. Re5 Rb6) 34. Rb8 $2 {
[#] Loses the game.} (34. Rc8 $17) 34... Rb6 $1 35. d6 $2 (35. Rc8 Kf6 36. Rxc5
) 35... Rxd6 36. Rxb7 a4 37. Ke5 $2 (37. bxa4 Rd4+ 38. Ke5 Rxa4 39. f5) 37...
Ra6 {Strongly threatening ...a3.} 38. bxa4 Rxa4 39. Rc7 Ra2 40. h4 Re2+ 41. Kd5
Rh2 42. Rxc5 Rxh4 43. Ke5 Rh1 (43... Rh5+ $142 44. Kd4 Rxc5 45. Kxc5 Kf6 46.
Kd6 h5 47. Kc7 Kf5 48. Kd6 h4 49. Kd5 h3 50. Kd6 h2 51. Ke7 h1=Q 52. Kd6 Qc1
53. Kd5 Kxf4 54. Kd4 Qc6 55. Kd3 Qc5 56. Kd2 Ke4 57. Ke1 Qc2 58. Kf1 Kf3 59.
Kg1 Qg2#) 44. Rc7 Re1+ 45. Kd4 h5 {[%cal Bh7h5,Bh5h4][%mdl 32] [#] Hoping for .
..Kf6.} 46. f5 gxf5 47. Rc5 Kg6 {( -> ...h4)} 48. Rc8 h4 {Weighted Error Value:
White=0.89/Black=0.39} 0-1

[Event "European Rapid Championship 2021"]
[Site "Katowice"]
[Date "2021.12.18"]
[Round "1.14"]
[White "Olej, Dariusz"]
[Black "Kosakowski, Jakub"]
[Result "0-1"]
[WhiteElo "1484"]
[BlackElo "2438"]
[Annotator "TA"]
[PlyCount "74"]
[EventDate "2021.12.18"]
[EventType "swiss"]
[EventCountry "POL"]
[SourceTitle "playchess.com"]
[Source "ChessBase"]
[SourceQuality "1"]

{[%evp 10,74,0,-8,0,0,0,0,0,-4,2,-8,2,-48,-47,-119,-105,-106,-105,-112,-108,
-213,-212,-195,-216,-233,-218,-220,-169,-178,-191,-262,-228,-554,-297,-397,
-365,-467,-473,-508,-484,-465,-447,-484,-480,-560,-545,-576,-515,-538,-545,
-540,-529,-541,-529,-589,-581,-673,-671,-686,-683,-643,-647,-631,-618,-1745,
-1044]} 1. Nf3 Nf6 2. c4 e6 3. Nc3 Bb4 4. a3 Bxc3 5. bxc3 O-O 6. d4 b6 {
E27: Nimzo-Indian: Sämisch: 5...0-0 6 f3.} 7. Bg5 {[%cal Oe2e4]} h6 8. Bh4 {
[%cal Oe2e4]} Bb7 {The position is equal.} 9. e3 d6 10. Bd3 Nbd7 11. h3 {[#]} (
11. O-O $11) 11... e5 $146 ({Predecessor:} 11... c5 12. O-O Qc7 13. Bg3 e5 14.
Nd2 Rae8 15. Qb1 Re7 16. d5 Bc8 17. e4 Nh5 {1-0 (66) Duda,R (1608)-Kwiek,J 
(1617) Warsaw 2014}) 12. d5 (12. Bf5 $15) 12... e4 $17 13. Bxe4 g5 14. Bxg5
hxg5 15. Nxg5 (15. Bc2 $17 {keeps fighting.}) 15... Nxe4 $19 16. Nxe4 f5 {
Inhibits Qg4+.} 17. Qh5 Qe7 ({And not} 17... fxe4 18. Qg6+ Kh8 19. Qh6+ Kg8 20.
Qg6+ Kh8 21. Qh6+ Kg8 22. Qg6+ $11) 18. Ng5 ({Don't play} 18. Qg6+ Qg7 19.
Qxg7+ Kxg7) 18... Rf6 {Inhibits Qg6+. White must now prevent ...Qg7.} 19. h4
Qg7 {Threatens to win with ...Rh6.} 20. Rc1 (20. Qe2 {was necessary.}) 20...
Ne5 {[%cal Bd7e5,Be5g4,Bg4e3][%mdl 32] Hoping for ...Nd3+.} 21. Kf1 $2 (21. Rd1
{is more resistant.}) 21... Ng4 {aiming for ...Rh6.} 22. Ne6 {[#]} Nxe3+ $1 {
[%mdl 512]} 23. fxe3 {[#]} (23. Ke2 Qg4+) 23... Rxe6 {[%mdl 512] Black is
clearly winning.} 24. Kf2 (24. Rd1 Rxe3) 24... Rh6 25. Qe2 Kh8 26. Rh3 Rg8 27.
Rg1 Qxc3 28. h5 Qf6 29. Rf1 Rg4 30. Kg1 Qg5 31. Qb2+ Kh7 32. Rf2 c6 33. Qc2
cxd5 34. cxd5 Bxd5 35. Qc7+ Qg7 36. Qxg7+ Kxg7 37. Rxf5 Bxg2 {White did not
feel at home in the position after the opening.  Weighted Error Value: White=0.
42/Black=0.16 (very precise)} 0-1

[Event "European Rapid Championship 2021"]
[Site "Katowice"]
[Date "2021.12.18"]
[Round "1.15"]
[White "Sumets, Andrey"]
[Black "Gajewski, Patryk"]
[Result "1-0"]
[WhiteElo "2508"]
[BlackElo "1861"]
[Annotator "TA"]
[PlyCount "41"]
[EventDate "2021.12.18"]
[EventType "swiss"]
[EventCountry "POL"]
[SourceTitle "playchess.com"]
[Source "ChessBase"]
[SourceQuality "1"]

{[%evp 12,41,51,44,38,43,228,236,234,231,215,220,201,172,160,137,198,137,220,
183,236,237,225,210,314,321,364,364,377,370,571,557]} 1. e4 e5 2. Nf3 Nc6 3.
Bb5 f5 4. d3 fxe4 5. dxe4 Nf6 6. O-O Bc5 7. Qd3 d6 {C63: Ruy Lopez: Schliemann/
Jaenisch Defence.} 8. Qc4 {[%cal Of3e5]} a5 $2 {[#] A mistake that costs the
game.} (8... Bd7 $14) 9. Nxe5 $1 $18 {[%mdl 512] [#]} dxe5 $146 {White is
clearly better.} ({Predecessor:} 9... Bxf2+ 10. Rxf2 dxe5 11. Bxc6+ bxc6 12.
Qxc6+ Bd7 13. Qc5 Ng4 14. Rf1 Qe7 15. Qxe7+ Kxe7 {1-0 (45) Lindh,F (2244)
-Sandberg,P (1923) Vaxjo 2019}) 10. Qxc5 Qd6 11. Qxd6 cxd6 12. Nd2 Be6 13. c3
O-O (13... a4 $16 14. Rd1 O-O) 14. f3 (14. a4 $18) 14... Nh5 (14... a4 $16 15.
Re1 Ra5) 15. Bc4 Rae8 (15... Kf7 $142 16. Rd1 Nf6) 16. a4 Nf4 17. Rd1 Rf6 (
17... d5 {was worth a try.}) 18. Bxe6+ Nxe6 19. Nc4 Nc5 20. Be3 Rd8 (20... Rb8
$142 21. Nxd6 Ne6) 21. Bg5 {Weighted Error Value: White=0.12 (very precise) /
Black=0.70} 1-0